LEADER 01422nam a2200265 i 4500 001 000000145825 003 CaOOAMICUS 005 20051209000000.0 008 051209s1954 it u000 u mul u 013 $a121217 040 $aSeMil$bita 100 1 $aComitato Nazionale per le onoranze a Leonardo da Vinci nel quinto centenario della nascita <1452-1952>.$0(OLS)http://semarc/name/58096 245 10$aLeonardo :$bsaggi e ricerche /$cA cura del Comitato Nazionale per le onoranze a Leonado da Vinci nel quinto centenario della nascita, 1452-1952 ; Presentazione di Achille Marazza. 260 $a[Italy] :$bLibreria dello Stato,$cStampa 1954. 260 $a[Italy] :$bIstituto Poligrafico dello Stato,$cStampa 1954. 300 $aXXV, 604 p., 174 p. di tav. (in parte col.) ;$c30 cm. 500 $aEd. di 2000 es. numerati. 600 04$aLeonardo : da Vinci <1452-1519>.$0(OLS)http://semarc/subject/2814 700 1 $aMarazza, Achille,$d<1894-1967>.$0(OLS)http://semarc/name/29889 850 $aSeMil 852 $aSeMil$W1$xVenegono$y1$m5U IX 20$j98548$B98548$CSeMilBibl$Z2$F106937 $8I 961 $aOmaggio: Biblioteca Seminario Seveso (fino al 1985) 996 $6245$aLeonardo :$bsaggi e ricerche$9(OLS)http://semarc/title/213208 996 $6260$a[Italy] :$bIstituto Poligrafico dello Stato$9(OLS)http://semarc/publisher/47683 996 $6260$a[Italy] :$bLibreria dello Stato$9(OLS)http://semarc/publisher/47684 LEADER 03001nam a2200301 i 4500 001 000000361708 003 CaOOAMICUS 005 20250218113030.0 008 250218s2025 gw u000 u eng u 020 $a978-3-11-129311-0 040 $aSeMil$bita 100 1 $aReinhartz, Adele,$d<1953- >.$0(OLS)http://semarc/name/77265 245 10$aJousting with John :$bessays on Jews, gender, and ethics in the Fourth Gospel /$cAdele Reinhartz. 264 1$aBerlin ; Boston :$bDe Gruyter,$c2025. 300 $aXIV, 585 p ;$c24 cm 490 1 $aBeihefte zur Zeitschrift für die neutestamentliche Wissenschaft ;$v264 504 $aBibliographie, p. 529-552 520 0 $aThe Gospel of John is a book that tantalizes and disturbs in equal measure. Its sublime imagery makes spirits soar. Its positive portrayal of women such as the Samaritan woman, the Bethany sisters, and Mary Magdalene, tickle the imagination when it comes to the roles of women in the early church. Its disparagement of the Jews, however, reverberates through the long history of anti-Judaism and antisemitism to this very day. Adele Reinhartz has been one of the foremost interpreters of the Gospel of John for the past thirty years and more. This volume contains a selection of her essays on the Fourth Gospel, originally published from 1991 to 2020. The collection focuses on four major themes. Essays on Gender consider the Gospel?s portrayal of female characters, its christological use of female imagery, and the possibility of reading social history into or out of the Fourth Gospel. Essays on "the Jews" explore the representation of the ioudaioi, and respond to approaches employed by scholars to addressthefraught question of anti-Judaism. The section on Method includes essays that apply different approaches, such as trauma theory, postcolonial theory, and literary and rhetorical criticism to issues in Johannine studies. The final section, on Ethics, considers ethics from two perspectives: the ethical stance(s) that a reader brings to her reading of John, and the question of whether the Gospel portrays Jesus as an ethical actor. 650 4$aBibbia - NT - Giovanni - Interpretazione ebraica.$0(OLS)http://semarc/subject/57159 650 04$aBibbia. Nuovo Testamento. Vangelo secondo Giovanni - Commentari, studi, critica, interpretazioni.$0(OLS)http://semarc/subject/119 650 4$aBibbia - NT - Giovanni - Giudaismo.$0(OLS)http://semarc/subject/16968 830 0$aBeihefte zur Zeitschrift für die neutestamentliche Wissenschaft ;$v264.$0(OLS)http://semarc/title/420948 850 $aSeMil 852 $aSeMil$W1$xVenegono$y1$m2XA R 264$j254540$B252657$CSeMilBibl$Z2$F252657 $81 996 $6020$a978-3-11-129311-0$9(OLS)http://semarc/number/302478 996 $6245$aJousting with John :$bessays on Jews, gender, and ethics in the Fourth Gospel$9(OLS)http://semarc/title/452484 996 $6264$aBerlin ; Boston :$bDe Gruyter$9(OLS)http://semarc/publisher/36449